[Event "It (open) \"]
[Site "masterchessopen.com St. Petersburg (Russia)"]
[Date "2008.03.30"]
[Round "9"]
[White "Potyavin Igor (RUS)"]
[Black "Androsov Sergey (RUS)"]
[Result "1-0"]
[WhiteElo "2064"]
[BlackElo "2078"]

1.d4 Nf6 2.c4 e6 3.Nc3 Bb4 4.e3 c5 5.Ne2 Ne4 6.f3 Bxc3+ 7.bxc3 Nf6 8.Ng3 cxd4
9.cxd4 Nc6 10.Be2 h5 11.O-O h4 12.Nh1 d5 13.Ba3 Qc7 14.Nf2 h3 15.g4 e5 16.g5
exd4 17.gxf6 gxf6 18.cxd5 Rg8+ 19.Ng4 f5 20.dxc6 fxg4 21.fxg4 Qxc6 22.Bf3 Qa6
23.Bc5 dxe3 24.Qd4 Be6 25.Qf6 {#r} 1-0

[Event "Ch Kazakhstan"]
[Site "masterchessopen.com Kustanay (Kazakhstan)"]
[Date "2008.04.21"]
[Round "2"]
[White "Grebenshikov V (KAZ)"]
[Black "Karmenov Zhanibek (KAZ)"]
[Result "0-1"]
[WhiteElo "2300"]
[BlackElo "2198"]

1.d4 Nf6 2.c4 e6 3.Nc3 Bb4 4.e3 c5 5.Ne2 b6 6.a3 Ba5 7.Rb1 Na6 8.Bd2 Bb7 9.d5
Qe7 10.f3 O-O 11.e4 exd5 12.cxd5 d6 13.Qa4 Bxc3 14.bxc3 Nc7 15.c4 Nd7 16.Qc2
f5 17.exf5 Rae8 18.Kf2 Qh4+ 19.g3 Qf6 20.Bf4 Ne5 21.g4 b5 22.Ng3 Nxg4+ 23.fxg4
Qd4+ 24.Kg2 Qxf4 25.Be2 Nxd5 26.cxd5 Bxd5+ 27.Kh3 Re3 28.g5 Qxg5 29.Rhf1 Rf6
{#R} 0-1

[Event "Ch Argentina"]
[Site "masterchessopen.com Mendoza (Argentina)"]
[Date "2008.05.28"]
[Round "8"]
[White "Peralta Fernando (ARG)"]
[Black "Luconi Cristian (ARG)"]
[Result "1-0"]
[WhiteElo "2557"]
[BlackElo "2300"]

1.d4 Nf6 2.c4 e6 3.Nc3 Bb4 4.e3 c5 5.Ne2 b6 6.a3 Ba5 7.Rb1 Na6 8.f3 Bb7 9.e4
d6 10.b4 cxb4 11.axb4 Nxb4 12.Rxb4 Bxb4 13.Qa4+ Qd7 14.Qxb4 O-O 15.Ba3 Rfd8
16.Ng3 h6 17.Be2 d5 18.cxd5 exd5 19.e5 Nh7 20.O-O Ng5 21.Bd3 g6 22.Nce2 Bc6
23.h4 Nh7 24.Qd2 Bb5 25.Bb1 h5 26.Qh6 Bxe2 27.Nxh5 f5 28.e6 Qc7 29.e7 gxh5
30.Bxf5 Nf8 31.exf8=Q+ Rxf8 32.Be6+ {#r} 1-0

[Event "It (open)"]
[Site "masterchessopen.com Yeovil (England)"]
[Date "2008.06.14"]
[Round "2"]
[White "Footner John K"]
[Black "Cordner David A"]
[Result "0-1"]
[WhiteElo "1864"]
[BlackElo "2040"]

1.d4 Nf6 2.c4 e6 3.Nc3 Bb4 4.e3 c5 5.Ne2 cxd4 6.exd4 d5 7.c5 O-O 8.a3 Ba5 9.g3
Ne4 10.b4 Bc7 11.Nxe4 dxe4 12.Bg2 f5 13.O-O Nd7 14.f3 exf3 15.Bxf3 a5 16.Be3
Nf6 17.Nc3 axb4 18.axb4 Rxa1 19.Qxa1 f4 20.Bf2 fxg3 21.hxg3 Nd5 22.Be4 Qg5
23.Qe1 Nf4 24.Qe3 Nh3+ {#R} 0-1

[Event "Ch Europe (juniors) (under 12)"]
[Site "masterchessopen.com Herceg Novi (Montenegro)"]
[Date "2008.09.24"]
[Round "9"]
[White "Mirzoev Emil (UKR)"]
[Black "Bida Mihai-Eugen (ROM)"]
[Result "0-1"]
[WhiteElo "2020"]
[BlackElo "1987"]

1.d4 Nf6 2.c4 e6 3.Nc3 Bb4 4.e3 c5 5.Ne2 cxd4 6.exd4 d5 7.a3 Be7 8.Ng3 O-O
9.Be2 Nc6 10.Be3 dxc4 11.Bxc4 a6 12.O-O b5 13.Ba2 Bb7 14.Rc1 b4 15.axb4 Nxb4
16.Bb1 Nbd5 17.Qd3 a5 18.Nxd5 Qxd5 19.f3 Ba6 20.Qd2 Bxf1 21.Rxf1 Rac8 22.Ne4
Rfd8 23.Qd3 Nxe4 24.fxe4 Qc4 25.Qd2 Bf6 26.Rxf6 gxf6 27.Qf2 Qc1+ {#R} 0-1

[Event "Olympiad"]
[Site "masterchessopen.com Dresden (Germany)"]
[Date "2008.11.13"]
[Round "1"]
[White "Quinn Mark (IRL)"]
[Black "Gajewski Grzegorz (POL)"]
[Result "0-1"]
[WhiteElo "2401"]
[BlackElo "2577"]

1.d4 Nf6 2.c4 e6 3.Nc3 Bb4 4.e3 c5 5.Ne2 b6 6.a3 Ba5 7.Rb1 Na6 8.Bd2 Qe7 9.Ng3
O-O 10.Bd3 d5 11.O-O dxc4 12.Bxc4 cxd4 13.exd4 Bxc3 14.bxc3 Nc7 15.Bd3 Ba6
16.c4 Rfd8 17.Re1 Qd7 18.Bc3 Nce8 19.Re3 Rac8 20.Rb4 b5 21.cxb5 Nd5 22.bxa6
Nxe3 23.fxe3 Rxc3 24.Rb7 Rc7 25.Ne4 Qe7 26.Nc5 e5 27.Rxc7 Nxc7 28.Nb7 Re8
29.d5 Nxd5 30.e4 Nf4 31.Bb5 Rc8 32.Bd7 Ra8 {#R} 0-1

[Event "It (cat.4)"]
[Site "masterchessopen.com Pamplona (Spain)"]
[Round "8"]
[White "Fayard Alain (FRA)"]
[Black "Moreno Gracia Daniel (ESP)"]
[Result "0-1"]
[WhiteElo "2243"]
[BlackElo "2304"]

1.d4 Nf6 2.c4 e6 3.Nc3 Bb4 4.e3 c5 5.Ne2 d5 6.dxc5 Nc6 7.a3 Bxc5 8.Ng3 Bd6
9.cxd5 exd5 10.Be2 d4 11.exd4 Bxg3 12.hxg3 Nxd4 13.Nd5 Qxd5 14.Qxd4 Qxg2
15.Qe4+ {#R} 0-1

[Event "It (open) \"]
[Site "masterchessopen.com Gibraltar (England)"]
[Date "2009.01.30"]
[Round "4"]
[White "Del Rio Angelis Salvador G (ESP)"]
[Black "Stebbings Anthony (ENG)"]
[Result "1-0"]
[WhiteElo "2560"]
[BlackElo "2290"]

1.d4 Nf6 2.c4 e6 3.Nc3 Bb4 4.e3 c5 5.Ne2 cxd4 6.exd4 O-O 7.a3 Be7 8.d5 exd5
9.cxd5 Re8 10.d6 Bf8 11.g3 b6 12.Bg2 Nc6 13.b4 Bb7 14.O-O Re6 15.Bf4 Nh5
16.Bd5 Nxf4 17.Nxf4 Rxd6 18.Ne4 Rh6 19.Bxf7+ Kxf7 20.Qd5+ Re6 21.Ng5+ Ke8
22.Rfe1 Qc8 23.Nfxe6 dxe6 24.Rxe6+ Ne7 25.Rxe7+ Bxe7 26.Qf7+ Kd7 27.Rd1+ Kc6
28.Qd5+ Kc7 29.Qe5+ {#r} 1-0

[Event "Ch City"]
[Site "masterchessopen.com Kolomna (Russia)"]
[Date "2009.02.01"]
[Round "7"]
[White "Gurov Rodion (RUS)"]
[Black "Berestnev Vladimir (RUS)"]
[Result "0-1"]
[WhiteElo "2070"]
[BlackElo "2280"]

1.d4 Nf6 2.c4 e6 3.Nc3 Bb4 4.e3 c5 5.Ne2 cxd4 6.exd4 d5 7.a3 Be7 8.Nf4 O-O
9.cxd5 Nxd5 10.Ncxd5 exd5 11.Qb3 Nc6 12.Be3 Qa5+ 13.Kd1 Bf6 14.Qxd5 Qc7 15.Bd3
Nxd4 16.Nh5 Bg4+ 17.f3 Bxh5 18.Qxh5 g6 19.Qg4 Nb3 20.Rb1 Rad8 21.Ke2 Rxd3
22.Kxd3 Rd8+ {#R} 0-1

[Event "It (cat.4)"]
[Site "masterchessopen.com Curitiba (Brazil)"]
[Date "2009.02.03"]
[Round "1"]
[White "Jabbar Toyfeeq (IRQ)"]
[Black "Disconzi Da Silva Rodrigo (BRA)"]
[Result "0-1"]
[WhiteElo "2195"]
[BlackElo "2366"]

1.d4 Nf6 2.c4 e6 3.Nc3 Bb4 4.e3 c5 5.Ne2 b6 6.a3 Ba5 7.Rb1 Na6 8.Bd2 Bb7 9.Nf4
O-O 10.Be2 Bxc3 11.Bxc3 Ne4 12.Qc2 Nxc3 13.Qxc3 Qf6 14.Qd2 d6 15.O-O Rad8
16.b4 Rd7 17.d5 e5 18.Nh5 Qh6 19.f4 exf4 20.exf4 f5 21.Rb3 g6 22.Rg3 Kf7
23.Rg5 gxh5 24.Bxh5+ Ke7 25.Re1+ Kd8 26.Re6 Rf6 27.b5 Rxe6 28.dxe6 Qxe6
29.bxa6 Bxa6 30.Be2 h6 31.Rg3 Bxc4 32.Qc3 Qxe2 {#R} 0-1

[Event "Ch Thailand (open)"]
[Site "masterchessopen.com Bangkok (Thailand)"]
[Date "2009.04.05"]
[Round "8"]
[White "Kunte Abhijit (IND)"]
[Black "Sharma Dinesh K (IND)"]
[Result "1-0"]
[WhiteElo "2515"]
[BlackElo "2376"]

1.d4 Nf6 2.c4 e6 3.Nc3 Bb4 4.e3 c5 5.Ne2 b6 6.a3 Ba5 7.Bd2 O-O 8.Rb1 Na6 9.Ng3
Rb8 10.Bd3 Bb7 11.O-O Bxc3 12.bxc3 Nc7 13.e4 Nfe8 14.Be3 Qe7 15.dxc5 bxc5
16.Qa4 Bc6 17.Qxa7 Ra8 18.Qxc5 Qd8 19.Rfd1 Ra4 20.e5 f5 21.exf6 Nxf6 22.Qd6
Nce8 23.Qxc6 dxc6 24.Bxh7+ Nxh7 25.Rxd8 Rxc4 26.Bd4 Nef6 27.Rxf8+ Nxf8 28.Rb4
{#r} 1-0

[Event "It (open)"]
[Site "masterchessopen.com La Roda (Spain)"]
[Date "2009.04.10"]
[Round "4"]
[White "Serna Lara Sergio (ESP)"]
[Black "Del Rio Angelis Salvador G (ESP)"]
[Result "0-1"]
[WhiteElo "2234"]
[BlackElo "2560"]

1.d4 e6 2.c4 Nf6 3.Nc3 Bb4 4.e3 c5 5.Ne2 d6 6.a3 Ba5 7.Ng3 O-O 8.Be2 d5 9.dxc5
Bxc3+ 10.bxc3 dxc4 11.Qxd8 Rxd8 12.Bxc4 Nbd7 13.Ke2 Nxc5 14.Bd2 Nfd7 15.f4 Nb6
16.Ba2 Bd7 17.c4 Bc6 18.Bc3 f6 19.Bd4 Nba4 20.Kf2 Nd3+ {#R} 0-1

[Event "Cup Gold"]
[Site "masterchessopen.com Meran (Austria)"]
[Date "2009.04.18"]
[Round "2"]
[White "Bangert Ruediger (GER)"]
[Black "Kreie Guenther (GER)"]
[Result "0-1"]
[WhiteElo "1697"]
[BlackElo "1942"]

1.d4 Nf6 2.c4 e6 3.Nc3 Bb4 4.e3 c5 5.Ne2 Ne4 6.Bd2 Nxd2 7.Qxd2 b5 8.Nc1 cxd4
9.Qxd4 O-O 10.cxb5 Bxc3+ 11.bxc3 Bb7 12.Nd3 d6 13.a4 a6 14.c4 Qa5+ 15.Kd1 Nd7
16.Kc2 axb5 17.cxb5 Rac8+ 18.Kd1 Rc3 19.Rc1 Rxc1+ 20.Nxc1 Nc5 21.Na2 Bd5
22.Bc4 Qxa4+ 23.Ke2 Bxc4+ 24.Kf3 Bd5+ 25.Kg4 f5+ 26.Kh3 Qxa2 27.f3 Qf2 28.Qc3
Bxf3 {#R} 0-1

[Event "It (open)"]
[Site "masterchessopen.com Gran Canarian (Spain)"]
[Date "2009.07.18"]
[Round "6"]
[White "Hernando Rodrigo Jose Maria (ESP)"]
[Black "Trujillo Ivan (ESP)"]
[Result "1-0"]
[WhiteElo "2338"]
[BlackElo "2167"]

1.d4 Nf6 2.c4 e6 3.Nc3 Bb4 4.e3 c5 5.Ne2 cxd4 6.exd4 O-O 7.a3 Be7 8.g3 d6
9.Bg2 Nbd7 10.O-O Rb8 11.b3 b6 12.Nb5 a6 13.Na7 Bb7 14.Nc6 Bxc6 15.Bxc6 Qc7
16.Bg2 d5 17.cxd5 Nxd5 18.Bxd5 exd5 19.Bf4 Qb7 20.Bxb8 Qxb8 21.Qd3 a5 22.Qb5
Nf6 23.Rfc1 Qb7 24.b4 axb4 25.axb4 Ra8 26.Rxa8+ Qxa8 27.Qxb6 {#r} 1-0

[Event "It (open)"]
[Site "masterchessopen.com Badalona (Spain)"]
[Date "2009.08.01"]
[Round "1"]
[White "Valiente Roy Jose Javier (ESP)"]
[Black "Panchanathan Magesh Chandran (IND)"]
[Result "0-1"]
[WhiteElo "2110"]
[BlackElo "2493"]

1.d4 Nf6 2.c4 e6 3.Nc3 Bb4 4.e3 c5 5.Ne2 cxd4 6.exd4 d5 7.a3 Be7 8.cxd5 Nxd5
9.Nxd5 exd5 10.Nc3 Nc6 11.Be3 O-O 12.Bd3 f5 13.Rc1 f4 14.Qh5 h6 15.Qg6 Rf6
16.Qh7+ Kf7 17.Nxd5 Qxd5 18.Qh8 fxe3 19.Bc4 exf2+ 20.Kf1 Qxc4+ 21.Rxc4 Be6
{#R} 0-1

[Event "It (open)"]
[Site "masterchessopen.com Kiel (Germany)"]
[Date "2009.08.01"]
[Round "1"]
[White "Magnussen Helge (GER)"]
[Black "Burianek Daniel"]
[Result "1-0"]
[WhiteElo "2056"]
[BlackElo "1716"]

1.d4 Nf6 2.c4 e6 3.Nc3 Bb4 4.e3 c5 5.Ne2 Ne4 6.Qc2 f5 7.g3 b6 8.Bg2 Bb7 9.O-O
d5 10.Nxe4 dxe4 11.a3 Ba5 12.b4 cxb4 13.axb4 Bxb4 14.Qa4+ Nc6 15.d5 exd5
16.Rd1 Qd7 17.cxd5 Rd8 18.Bb2 Ne7 19.Qxb4 Nxd5 20.Qd4 a5 21.Qxg7 Qxg7 22.Bxg7
Rg8 23.Bd4 Ke7 24.Rdb1 Rg6 25.Ra3 Ba6 26.Nc3 Nb4 27.Bf1 Bd3 28.Bxd3 exd3
29.Na2 Nxa2 30.Rxa2 Kd7 31.Rxb6 Rxb6 32.Bxb6 Kc6 33.Bxd8 {#r} 1-0

[Event "It (open)"]
[Site "masterchessopen.com Vienna (Austria)"]
[Date "2009.08.15"]
[Round "1"]
[White "Rempeli Alex (GER)"]
[Black "De Groote Jesper (NED)"]
[Result "0-1"]
[WhiteElo "1818"]
[BlackElo "2048"]

1.d4 Nf6 2.c4 e6 3.Nc3 Bb4 4.e3 c5 5.Ne2 cxd4 6.exd4 d5 7.c5 Ne4 8.Bd2 Nxd2
9.Qxd2 O-O 10.a3 Bxc3 11.Nxc3 e5 12.dxe5 Qe7 13.O-O-O Qxc5 14.Qxd5 Qxf2 15.Bd3
Nc6 16.Qe4 g6 17.Nd5 Bf5 18.Qe2 Qxe2 19.Bxe2 Rac8 20.Kd2 Kg7 21.Bb5 Nxe5
22.Ne3 Be6 23.Rc1 f5 24.Rhe1 Rfd8+ 25.Ke2 a6 26.Ba4 f4 27.Rxc8 Rxc8 28.Nf1 b5
29.Bd1 Bg4+ 30.Kd2 Nc4+ {#R} 0-1

[Event "It (open)"]
[Site "masterchessopen.com Abudhabi (United Arab Emirates)"]
[Date "2009.08.17"]
[Round "6"]
[White "Abdulkarim Ali (UAE)"]
[Black "Galojan Lilit (ARM)"]
[Result "0-1"]
[WhiteElo "1913"]
[BlackElo "2338"]

1.d4 Nf6 2.c4 e6 3.Nc3 Bb4 4.e3 c5 5.Ne2 b6 6.a3 Ba5 7.Nf4 Bxc3+ 8.bxc3 Nc6
9.Qf3 Ba6 10.Bd3 Rc8 11.Bb2 Na5 12.e4 Bxc4 13.e5 Nd5 14.Nxd5 Bxd5 15.Qg4 O-O
16.Bc1 f5 17.exf6 Qxf6 18.O-O h6 19.Be3 cxd4 20.Bxd4 e5 21.Qxd7 Rcd8 22.Qxa7
exd4 23.cxd4 Rf7 24.Qa6 Qg5 25.f3 Bxf3 {#R} 0-1

[Event "It (open)"]
[Site "masterchessopen.com Graz (Austria)"]
[Date "2009.08.29"]
[Round "1"]
[White "Zoebisch Herbert (AUT)"]
[Black "Palac Mladen (CRO)"]
[Result "0-1"]
[WhiteElo "2145"]
[BlackElo "2582"]

1.d4 Nf6 2.c4 e6 3.Nc3 Bb4 4.e3 c5 5.Ne2 b6 6.a3 Ba5 7.Rb1 Na6 8.d5 O-O 9.Bd2
d6 10.Ng3 Bxc3 11.Bxc3 exd5 12.Bxf6 Qxf6 13.Qxd5 Nc7 14.Qc6 Qe7 15.Rd1 Rd8
16.Qe4 Be6 17.Nf5 Qf6 18.Bd3 g6 19.Qh4 Qxb2 20.Nh6+ Kg7 21.g4 Qc3+ 22.Rd2 d5
23.Nf5+ Bxf5 24.gxf5 dxc4 25.fxg6 hxg6 26.Qxc4 Qxa3 27.Ke2 Qb4 28.Qxb4 cxb4
29.Re1 Nd5 {#R} 0-1

[Event "It (open)"]
[Site "masterchessopen.com Sabadell (Spain)"]
[Date "2009.09.04"]
[Round "4"]
[White "Peralta Fernando (ARG)"]
[Black "Cruz Jonathan (PER)"]
[Result "1-0"]
[WhiteElo "2545"]
[BlackElo "2292"]

1.d4 Nf6 2.c4 e6 3.Nc3 Bb4 4.e3 c5 5.Ne2 b6 6.a3 Ba5 7.Rb1 Na6 8.Ng3 Bb7 9.Bd3
O-O 10.O-O Bxc3 11.bxc3 cxd4 12.cxd4 d5 13.Bb2 Rc8 14.cxd5 Nxd5 15.Qd2 Qg5
16.f4 Qe7 17.e4 Ndc7 18.f5 f6 19.fxe6 Nxe6 20.Nf5 Qd7 21.d5 Nec5 22.Bc2 Rce8
23.Rf4 Ne6 24.Rg4 Nac5 25.h4 g6 26.h5 Ng7 27.Nh6+ Kh8 28.hxg6 hxg6 29.Rf1 Qe7
30.Rh4 Nh5 31.Ng4 Nd7 32.Ba4 Ba6 33.Bxd7 Qxd7 34.Rxf6 {#r} 1-0

[Event "Ch Europe (juniors) (under 18)"]
[Site "masterchessopen.com Fermo (Italy)"]
[Date "2009.09.07"]
[Round "7"]
[White "Martinovic Sasa (CRO)"]
[Black "Graf Felix (GER)"]
[Result "1-0"]
[WhiteElo "2525"]
[BlackElo "2291"]

1.d4 e6 2.c4 Nf6 3.Nc3 Bb4 4.e3 c5 5.Ne2 b6 6.a3 Ba5 7.Rb1 Na6 8.g3 Bb7 9.d5
b5 10.Bg2 bxc4 11.O-O O-O 12.e4 exd5 13.Nxd5 Bxd5 14.exd5 d6 15.Qa4 Rb8 16.Bg5
Re8 17.Bxf6 gxf6 18.Qxc4 Qc8 19.Nf4 Re5 20.Nd3 Re8 21.Qf4 c4 22.Rbc1 cxd3
23.Rxc8 Rexc8 24.b4 Nxb4 25.axb4 Bxb4 26.Be4 Rc4 27.Bxh7+ {#r} 1-0

[Event "Memorial M.Chigorin (open)"]
[Site "masterchessopen.com St. Petersburg (Russia)"]
[Date "2009.10.22"]
[Round "7"]
[White "Tovmasian Vardges (ARM)"]
[Black "Smirnov Artem (RUS)"]
[Result "1-0"]
[WhiteElo "2201"]
[BlackElo "2441"]

1.d4 Nf6 2.c4 e6 3.Nc3 Bb4 4.e3 c5 5.Ne2 cxd4 6.exd4 O-O 7.a3 Be7 8.d5 exd5
9.cxd5 Bc5 10.b4 Bd6 11.Be3 a5 12.b5 Re8 13.Na4 Rxe3 14.fxe3 Be5 15.Rc1 b6
16.Nxb6 Bb7 17.Qc2 g6 18.Nc4 Qe8 19.Nxe5 Qxe5 20.Qc7 Qxd5 21.Nc3 Qe6 22.Qxb7
Qxe3+ 23.Kd1 Qd4+ 24.Kc2 Ng4 25.Qxa8 Ne3+ 26.Kb1 Qd6 27.Qxa5 Qc5 28.Ne4 {#r}
1-0

[Event "Memorial M.Chigorin (open)"]
[Site "masterchessopen.com St. Petersburg (Russia)"]
[Date "2009.10.23"]
[Round "8"]
[White "Del Rio Angelis Salvador G (ESP)"]
[Black "Dzhumagaliev Yan (RUS)"]
[Result "1-0"]
[WhiteElo "2560"]
[BlackElo "2358"]

1.d4 Nf6 2.c4 e6 3.Nc3 Bb4 4.e3 c5 5.Ne2 cxd4 6.exd4 d5 7.a3 Be7 8.Nf4 O-O
9.cxd5 Nxd5 10.Ncxd5 exd5 11.Bd3 g6 12.O-O Nc6 13.Be3 Bf6 14.Rc1 Be6 15.Nxe6
fxe6 16.Qg4 Qe7 17.Rfe1 Rfe8 18.g3 a6 19.h4 Qg7 20.h5 gxh5 21.Qxh5 Nxd4 22.Kg2
Nc6 23.Rh1 Re7 24.Bh6 Qh8 25.Qg4+ Kf7 26.Bf4 Ke8 27.Bd6 Qg7 28.Qa4 Kd7 29.Bxe7
Bxe7 30.Rxh7 Qf6 31.Bb5 e5 32.Bxc6+ {#r} 1-0

[Event "It (open) \"]
[Site "masterchessopen.com Hastings (England)"]
[Round "4"]
[White "Mitchell Martin (SCO)"]
[Black "Gormally Daniel (ENG)"]
[Result "0-1"]
[WhiteElo "2147"]
[BlackElo "2490"]

1.d4 Nf6 2.c4 e6 3.Nc3 Bb4 4.e3 c5 5.Ne2 cxd4 6.exd4 O-O 7.a3 Be7 8.d5 exd5
9.cxd5 Bc5 10.b4 Bd6 11.Nd4 a5 12.b5 Be5 13.Be2 d6 14.O-O Nbd7 15.Be3 Nb6
16.Qb3 a4 17.Qa2 Ng4 18.Bxg4 Bxg4 19.f3 Bd7 20.Rac1 Re8 21.Ne4 Nc8 22.Rfe1 Ne7
23.g3 Qa5 24.Nc6 bxc6 25.bxc6 Bf5 26.Red1 Reb8 27.c7 Rb7 28.Bf4 Bxf4 29.gxf4
Rxc7 {#R} 0-1

[Event "Ch Provinciale MB"]
[Site "masterchessopen.com Ceriano Laghetto (Italy)"]
[Round "4"]
[White "Viale Fabio (ITA)"]
[Black "Origgio Stefano (ITA)"]
[Result "0-1"]
[WhiteElo "1822"]
[BlackElo "1774"]

1.d4 Nf6 2.c4 e6 3.Nc3 Bb4 4.e3 c5 5.Ne2 cxd4 6.exd4 d5 7.a3 Be7 8.Ng3 O-O
9.Bg5 Nc6 10.c5 a5 11.Bb5 Ne8 12.Bxe7 Qxe7 13.O-O Nc7 14.Ba4 Bd7 15.Re1 g6
16.f4 Qf6 17.Bxc6 Bxc6 18.Qd2 a4 19.Re5 Rfb8 20.Qd3 b6 21.Rf1 Qh8 22.Nh5 f6
23.g4 {#R} 0-1

[Event "Ch Europe (seniors) (team)"]
[Site "masterchessopen.com Dresden (Germany)"]
[Date "2010.02.15"]
[Round "6"]
[White "Sandklef Ake (SWE)"]
[Black "Siegmund Rainer (GER)"]
[Result "0-1"]
[WhiteElo "2017"]
[BlackElo "2124"]

1.d4 Nf6 2.c4 e6 3.Nc3 Bb4 4.e3 c5 5.Ne2 cxd4 6.exd4 d5 7.a3 Be7 8.Ng3 dxc4
9.Bxc4 O-O 10.O-O Nbd7 11.Bb3 Nb6 12.Nge2 Bd7 13.Bg5 Bc6 14.Qd2 Nfd5 15.Bxe7
Qxe7 16.Rfe1 Rfd8 17.Rac1 Nxc3 18.Nxc3 Qf6 19.Rcd1 Rd7 20.Qe3 h6 21.Qe5 Rad8
22.f3 Rxd4 23.Rxd4 Rxd4 24.Qb8+ Rd8 25.Qg3 Rd2 26.Nd1 Qd8 27.Kh1 Bd5 28.Bxd5
Nxd5 29.Nc3 Nxc3 30.bxc3 {#R} 0-1

[Event "It (open)"]
[Site "masterchessopen.com Bossum (Netherlands)"]
[Date "2010.05.22"]
[Round "3"]
[White "Bitalzadeh Ali (NED)"]
[Black "De Groote Ewoud (NED)"]
[Result "1-0"]
[WhiteElo "2422"]
[BlackElo "2262"]

1.d4 Nf6 2.c4 e6 3.Nc3 Bb4 4.e3 c5 5.Ne2 b6 6.a3 Ba5 7.g3 Bb7 8.d5 b5 9.b3
bxc4 10.bxc4 Ne4 11.Bd2 exd5 12.Bg2 Na6 13.Rb1 Rb8 14.cxd5 Nxd2 15.Qxd2 d6
16.O-O O-O 17.Rb5 Bc8 18.Qd3 Bd7 19.Rxb8 Nxb8 20.Rb1 Qc7 21.Be4 h6 22.Qc4 Bc8
23.Bc2 Nd7 24.Nb5 Qb6 25.Qe4 Nf6 26.Qe7 Ba6 27.Nxa7 Qd8 28.Qxd8 Bxd8 29.Nc3
Ba5 30.Ncb5 Nxd5 31.Nc6 Bxb5 32.Rxb5 Bd2 33.Rb7 Nc3 34.a4 {#r} 1-0

[Event "Ch Philippines"]
[Site "masterchessopen.com Tagaytay City (Philippines)"]
[Date "2010.05.26"]
[Round "2"]
[White "Dimakiling Oliver (PHI)"]
[Black "Antonio Rogelio Jr (PHI)"]
[Result "0-1"]
[WhiteElo "2418"]
[BlackElo "2573"]

1.d4 Nf6 2.c4 e6 3.Nc3 Bb4 4.e3 c5 5.Ne2 b6 6.a3 Ba5 7.Rb1 Na6 8.f3 O-O 9.e4
d5 10.e5 Ne8 11.cxd5 exd5 12.Be3 Nec7 13.Nf4 f6 14.exf6 Qxf6 15.b4 cxb4
16.Ncxd5 Nxd5 17.Nxd5 bxa3+ 18.Kf2 Qd6 19.Rc1 Bb7 20.Nc3 Rae8 21.Qb3+ Kh8
22.Nb5 Qf6 23.Be2 Re7 24.Nxa3 Rfe8 25.Bxa6 Bxa6 26.Nc2 Qh4+ 27.g3 Qh3 28.Rcd1
Rc8 29.Nb4 Bc4 30.Qa3 Bxb4 31.Qxb4 Rxe3 32.Rd2 Rxf3+ 33.Kxf3 Qf5+ {#R} 0-1

[Event "It \"]
[Site "masterchessopen.com Bad Homburg (Germany)"]
[Date "2010.06.04"]
[Round "4"]
[White "Overbeck Thorsten (GER)"]
[Black "Steingrimsson Hedinn (ISL)"]
[Result "1-0"]
[WhiteElo "2310"]
[BlackElo "2550"]

1.d4 Nf6 2.c4 e6 3.Nc3 Bb4 4.e3 c5 5.Ne2 cxd4 6.exd4 O-O 7.a3 Be7 8.g3 d5 9.c5
a5 10.Rb1 e5 11.dxe5 Ng4 12.b4 Bf5 13.Rb3 Nxe5 14.Nd4 Bg4 15.f3 Bh5 16.Bg2
Nbc6 17.O-O axb4 18.axb4 Qd7 19.g4 Bg6 20.f4 Nxg4 21.Nxd5 Nxd4 22.Qxd4 Bf5
23.Bb2 f6 24.h3 Nh6 25.Nxe7+ Qxe7 26.Re3 Qc7 27.Rfe1 Rad8 28.Qc4+ Kh8 29.Re7
Rd7 30.Re8 Rd8 31.R8e7 Bd7 32.Qe4 Nf5 33.Qxf5 {#r} 1-0

[Event "It (open)"]
[Site "masterchessopen.com Teplice (Czech Republic)"]
[Date "2010.06.14"]
[Round "3"]
[White "Bernasek Jan (CZE)"]
[Black "Natsidis Christoph (GER)"]
[Result "1-0"]
[WhiteElo "2490"]
[BlackElo "2318"]

1.d4 e6 2.c4 Nf6 3.Nc3 Bb4 4.e3 c5 5.Ne2 cxd4 6.exd4 O-O 7.a3 Be7 8.Nf4 d5
9.cxd5 Nxd5 10.Ncxd5 exd5 11.Bd3 Nc6 12.O-O Bf6 13.Be3 g6 14.Rc1 Qd6 15.g3 Be6
16.Bb1 Rac8 17.Ba2 Ne7 18.Qa4 Qb6 19.Rce1 Qxb2 20.Re2 Qb6 21.Rb1 Qa6 22.Qxa6
bxa6 23.Nxe6 fxe6 24.Bh6 Rf7 25.Rxe6 Bxd4 26.Rf1 Rc2 27.Bxd5 Bc5 28.Bb3 Rb2
29.Rd1 Bxf2+ 30.Kh1 Kh8 31.Rd8+ {#r} 1-0

[Event "Ch Ireland"]
[Site "masterchessopen.com Dublin (Ireland)"]
[Date "2010.07.07"]
[Round "5"]
[White "Quinn Ciaran (IRL)"]
[Black "Palmer Bernard (IRL)"]
[Result "1-0"]
[WhiteElo "2130"]
[BlackElo "2005"]

1.d4 e6 2.c4 Nf6 3.Nc3 Bb4 4.e3 c5 5.Ne2 b6 6.a3 Ba5 7.Bd2 Bb7 8.b4 cxb4 9.Nb5
Ne4 10.axb4 a6 11.Na3 {#r} 1-0

[Event "Ch Spain (juniors) (under 16)"]
[Site "masterchessopen.com Linares (Spain)"]
[Date "2010.07.22"]
[Round "5"]
[White "Nieto De La Cruz Julio (ESP)"]
[Black "Navarro Molina David (ESP)"]
[Result "1-0"]
[WhiteElo "2147"]
[BlackElo "2047"]

1.d4 Nf6 2.c4 e6 3.Nc3 Bb4 4.e3 c5 5.Ne2 b6 6.a3 Ba5 7.Rb1 Na6 8.Bd2 Bxc3
9.Nxc3 O-O 10.Bd3 Bb7 11.O-O Ne8 12.d5 d6 13.f4 exd5 14.cxd5 f5 15.e4 Nac7
16.exf5 Kh8 17.Qf3 Nf6 18.Rbe1 Qd7 19.g4 Ncxd5 20.Qh3 Nxc3 21.Bxc3 d5 22.Be5
Qf7 23.g5 Ne4 24.g6 Qg8 25.Rxe4 {#r} 1-0

[Event "It (open)"]
[Site "masterchessopen.com Schwarzach (Austria)"]
[Date "2010.08.22"]
[Round "2"]
[White "Smirnov Artem (RUS)"]
[Black "Puerckhauer Soeren (GER)"]
[Result "1-0"]
[WhiteElo "2426"]
[BlackElo "2131"]

1.d4 Nf6 2.c4 e6 3.Nc3 Bb4 4.e3 c5 5.Ne2 d5 6.a3 Bxc3+ 7.Nxc3 cxd4 8.exd4 Nc6
9.c5 a6 10.Be2 h6 11.O-O O-O 12.Bf4 b5 13.b4 Ne4 14.Nxe4 dxe4 15.Bd6 Re8 16.f3
Qf6 17.fxe4 Qxd4+ 18.Kh1 Qxd1 19.Rfxd1 e5 20.a4 bxa4 21.Rxa4 Nd4 22.Bc4 Be6
23.Bxe6 Rxe6 24.Rda1 Nc2 25.R1a2 Rf6 26.h3 Ne3 27.b5 Rf1+ 28.Kh2 Rb1 29.b6
Nf1+ 30.Kg1 Nd2+ 31.Kf2 Nb3 32.b7 Re8 33.Rb4 {#r} 1-0

[Event "Ch Region"]
[Site "masterchessopen.com Stavropol (Russia)"]
[Date "2010.09.23"]
[Round "5"]
[White "Voskanyan Arman (RUS)"]
[Black "Tverdokhlebov Yury (RUS)"]
[Result "1-0"]
[WhiteElo "2195"]
[BlackElo "2005"]

1.d4 Nf6 2.c4 e6 3.Nc3 Bb4 4.e3 c5 5.Ne2 Nc6 6.a3 cxd4 7.exd4 Be7 8.d5 exd5
9.cxd5 Nb8 10.d6 Bf8 11.Nb5 Qb6 12.Nc7+ Kd8 13.Nxa8 Qxd6 14.Bf4 Qxd1+ 15.Rxd1
d6 16.g3 Bd7 17.Bg2 Bc6 18.O-O Kc8 19.Rc1 Kd7 20.Bh3+ Kd8 21.Be3 b6 22.Nd4
{#r} 1-0